Sezónnosť v množstve vynaloženej práce na Slovensku bakalárska práca

Gespeichert in:
Bibliographische Detailangaben
1. Verfasser: Nečas, Juraj
Körperschaft: Fakulta hospodárskej informatiky EU. Katedra operačného výskumu a ekonometrie
Weitere Verfasser: Ostrihoň, Filip
Format: Buch
Sprache:Slowakisch
Veröffentlicht: Bratislava 2015
Tags: Tag hinzufügen
Keine Tags, Fügen Sie das erste Tag hinzu!

MARC

LEADER 00000nbm a2200000 4500
001 0206548
005 20161212111639.9
041 0 |a slo 
044 |a SK 
245 1 0 |a Sezónnosť v množstve vynaloženej práce na Slovensku  |b bakalárska práca  |c Juraj Nečas ; školiteľ: Filip Ostrihoň 
264 1 |a Bratislava  |c 2015 
300 |a 51 s. 
100 1 |a Nečas, Juraj 
700 1 |a Ostrihoň, Filip 
710 2 |a Fakulta hospodárskej informatiky EU. Katedra operačného výskumu a ekonometrie